00579nam a2200157 a 450000500170000000800410001702000180005805000250007610000230010124500750012426000520019930000230025165000140027499900190028895201140030720140412111237.0010404s19uu xx 00 eng d a0-923573-11-9 aTR(GS 414bT617 1989 aToomey, Marilyn M. aSound all around :binitial and final consonants /cMarilyn M. Tooney. aCincinati, Ohio :bCircuit Publications,c1989. a1 v. (unp.) ; ill. aPhonetics c102533d102533 001040aELbELcTRd2001-04-04eDonationl0oTR(GS 414 T617 1989pE1994r2014-04-12 00:00:00w2014-04-12yBK